|
|
|
|
| LEADER |
00000nem a2200000 a 4500 |
| 001 |
vtls001475809 |
| 003 |
SK-MaSNL |
| 005 |
20260301014922.0 |
| 007 |
aj cazzn |
| 008 |
180907s2004 xo ag a 0 slo |
| 015 |
|
|
|a SNBC2004/04-02075
|
| 020 |
|
|
|a 808042392X
|
| 035 |
|
|
|a SNK000431110
|
| 040 |
|
|
|a SNK
|b slo
|c SNK
|e AACR2
|
| 041 |
0 |
|
|a slo
|
| 043 |
|
|
|a e-xo---
|
| 044 |
|
|
|a xo
|c SK
|
| 072 |
|
7 |
|a 912
|x Mapy. Atlasy
|2 konspekt
|
| 080 |
|
|
|a 91(437.6)
|2 1981
|
| 080 |
|
|
|a 91(234.372.4)
|2 1981
|
| 080 |
|
|
|a 912.43:796.5
|2 1981
|
| 080 |
|
|
|a (084.3)
|2 1981
|
| 080 |
|
|
|a 796.5(234.372.4)(084.3)
|2 1981
|
| 080 |
|
|
|a 908(437.6)
|2 1981
|
| 110 |
2 |
|
|a Vojenský kartografický ústav (Harmanec, Slovensko)
|4 aut
|4 pbl
|9 32777
|
| 245 |
1 |
0 |
|a Vysoké Tatry
|h kartografický dokument
|b podrobná turistická mapa
|c ... spracovala VKÚ
|
| 250 |
|
|
|a 4. vyd.
|
| 255 |
|
|
|a Mierka 1:25 000
|
| 260 |
|
|
|a Harmanec
|b VKÚ
|c 2004
|
| 300 |
|
|
|a 1 mapa v prebale
|b fareb.
|c 78 x 121 cm, zložená na 21 x 13 cm
|e 1 text. príl. (62 s.)
|
| 490 |
1 |
|
|a Edícia turistických máp ;
|v 2
|
| 500 |
|
|
|a Súbežný podnázov nem., angl., maď., a poľ.
|
| 500 |
|
|
|a Mapa obsahuje vysvetl., zn., zemepisno-vlastivednú charakteristiku. Red. uzávierka 15.1. 2004
|
| 650 |
0 |
7 |
|a turistika
|2 SNK
|9 683
|
| 651 |
|
7 |
|a Vysoké Tatry (Poľsko a Slovensko : pohorie)
|2 SNKPHgeo
|9 67729
|
| 651 |
|
7 |
|a Vysoké Tatry (Poľsko a Slovensko : pohorie)
|2 SNK
|9 67729
|
| 655 |
|
7 |
|a turistické mapy
|2 SNK
|9 70551
|
| 830 |
|
0 |
|a Edícia turistických máp
|9 295991
|
| 919 |
|
|
|a 80-8042-392-X
|
| 923 |
|
|
|a turistická
|b skladaná
|c pre verejnosť
|
| 999 |
|
|
|c 559549
|d 561479
|
| 952 |
|
|
|t P60, <03>, [BOOK], {603}
|a SNK
|b SNK
|y PREZ
|7 0
|p 17A0432198
|o snkSLCm 2364
|i snkKSP 7125/2004
|0 0
|1 0
|4 0
|d 2004-05-31
|l 0
|r 2005-01-02 00:00:00
|w 2026-02-23
|
| 952 |
|
|
|t P60, <04>, [BOOK], {604}
|a SNK
|b SNK
|y VYP
|7 0
|p 17A0432196
|o snkSLCm 2364 D1
|i snkKSP 7126/2004
|0 0
|1 0
|4 0
|d 2004-05-31
|l 0
|r 2005-01-02 00:00:00
|w 2026-02-23
|
| 952 |
|
|
|t P60, <03>, [BOOK], {603}
|a SNK
|b SNK
|y PREZ
|7 0
|p 17A0432199
|o snkSLCm 2364/príl.
|i snkKSP 7125/2004
|0 0
|1 0
|4 0
|d 2004-05-31
|l 0
|r 2005-01-02 00:00:00
|w 2026-02-23
|
| 952 |
|
|
|t P60, <04>, [BOOK], {604}
|a SNK
|b SNK
|y VYP
|7 0
|p 17A0432197
|o snkSLCm 2364/príl. D1
|i snkKSP 7126/2004
|0 0
|1 0
|4 0
|d 2004-05-31
|l 0
|r 2005-01-02 00:00:00
|w 2026-02-23
|